6000 Amazing Facts (Record no. 586773)

000 -LEADER
fixed length control field 00366nam a22001337a 4500
020 ## - INTERNATIONAL STANDARD BOOK NUMBER
International Standard Book Number 9781786173300
040 ## - CATALOGING SOURCE
Transcribing agency NUST
082 ## - DEWEY DECIMAL CLASSIFICATION NUMBER
Classification number 031.02 KEL
100 ## - MAIN ENTRY--PERSONAL NAME
Personal name Miles, Becky
9 (RLIN) 84214
245 ## - TITLE STATEMENT
Title 6000 Amazing Facts
260 ## - PUBLICATION, DISTRIBUTION, ETC.
Place of publication, distribution, etc. CHINA:
Name of publisher, distributor, etc. Miles Kelly Publishing Ltd,
Date of publication, distribution, etc. 2019.
650 ## - SUBJECT ADDED ENTRY--TOPICAL TERM
Topical term or geographic name entry element Curiosities and wonders. Astronomy. Earth sciences.
9 (RLIN) 88887
942 ## - ADDED ENTRY ELEMENTS (KOHA)
Source of classification or shelving scheme
Koha item type Book
Holdings
Withdrawn status Lost status Source of classification or shelving scheme Damaged status Not for loan Permanent Location Current Location Shelving location Date acquired Total Checkouts Full call number Barcode Date last seen Price effective from Koha item type
          College of Electrical & Mechanical Engineering (CEME) College of Electrical & Mechanical Engineering (CEME) General Stacks 11/16/2021   031.02 KEL CEME-50579 11/16/2021 11/16/2021 Book
© 2023 Central Library, National University of Sciences and Technology. All Rights Reserved.